Statistics for Anagrams - Cars

Click here to take the quiz!

General Stats

  • This quiz has been taken 453 times
  • The average score is 11 of 20

Answer Stats

AnagramCar Make% Correct
oat toyToyota
98%
porchesPorsche
97%
oh danHonda
82%
ed dogDodge
78%
rare firFerrari
76%
i buckBuick
75%
slateTesla
61%
acid callCadillac
53%
tech loverChevrolet
53%
bait tugBugatti
51%
swank gloveVolkswagen
48%
gout peePeugeot
46%
aim taserMaserati
41%
mr cleanMclaren
40%
broiling hamLamborghini
36%
torn iceCitroen
29%
sorry celloRolls Royce
26%
neutralRenault
24%
amoral foeAlfa Romeo
21%
smart nationAston Martin
15%

Score Distribution

Percentile by Number Answered

Percent of People with Each Score

Your Score History

You have not taken this quiz